000
00209nam a22000857a 4500
008
170607b xxu||||| |||| 00| 0 eng d
100
_9
3326
_a
Bail. S
245
_a
A Necessary Journey
260
_a
New Delhi
_b
CBT
_c
2003
999
_c
6645
_d
6645